[Event "Heraklion op 24th"]
[Site "Heraklion"]
[Date "2018.09.09"]
[Round "8"]
[White "Spirou, Gerasimos"]
[Black "Klampatseas, Christos"]
[Result "1-0"]
[WhiteElo "1705"]
[BlackElo "1453"]
[PlyCount "69"]
[EventDate "2018.09.03"]
[EventType "swiss"]
[EventRounds "9"]
[EventCountry "GRE"]
[SourceTitle "CBM 186 Extra"]
[Source "ChessBase"]
[SourceDate "2018.08.24"]
[SourceVersion "1"]
[SourceVersionDate "2018.08.24"]
[SourceQuality "1"]

1. e4 c6 2. d4 d5 3. e5 Bf5 4. Nf3 e6 5. Bd3 Bxd3 6. Qxd3 Ne7 7. Bg5 h6 8. Bxe7 Qxe7 9. c3 Nd7 10. 0-0 g5 11. g3 Bg7 12. Re1 Nf8 13. a4 a5 14. Na3 Ng6 15. Nc2 h5 16. b4 g4 17. Nd2 h4 18. Ne3 hxg3 19. fxg3 Qg5 20. Qe2 Nxe5 21. dxe5 Bxe5 22. Nxd5 Bxg3 23. hxg3 Qxd5 24. Ne4 0-0-0 25. Rad1 Qh5 26. Rxd8+ Kxd8 27. Rd1+ Kc7 28. Qg2 Qe5 29. Qe2 f5 30. Rd7+ Kb8 31. Rxb7+ Kc8 32. Ra7 fxe4 33. Qa6+ Kd8 34. Qb6+ Ke8 35. Qxc6+ 1-0

[Event "Heraklion op 24th"]
[Site "Heraklion"]
[Date "2018.09.07"]
[Round "6"]
[White "Koutsourakis, Ioannis"]
[Black "Klampatseas, Christos"]
[Result "1/2-1/2"]
[WhiteElo "1657"]
[BlackElo "1453"]
[PlyCount "46"]
[EventDate "2018.09.03"]
[EventType "swiss"]
[EventRounds "9"]
[EventCountry "GRE"]
[SourceTitle "CBM 186 Extra"]
[Source "ChessBase"]
[SourceDate "2018.08.24"]
[SourceVersion "1"]
[SourceVersionDate "2018.08.24"]
[SourceQuality "1"]

1. d4 Nf6 2. c4 e6 3. Nc3 Bb4 4. e3 0-0 5. Bd3 d5 6. Nge2 dxc4 7. Bxc4 b6 8. 0-0 Bb7 9. a3 Be7 10. f3 Nbd7 11. e4 c5 12. Be3 cxd4 13. Nxd4 Rc8 14. Be2 Qc7 15. Rc1 Qb8 16. Bd3 Nc5 17. b4 Nxd3 18. Qxd3 Rfd8 19. Qe2 Bd6 20. g3 Be5 21. Rfd1 Rd7 22. Rd2 Rcd8 23. Rcd1 Qc8 1/2-1/2

[Event "Heraklion op 24th"]
[Site "Heraklion"]
[Date "2018.09.05"]
[Round "4"]
[White "Aggeletos, Marios"]
[Black "Klampatseas, Christos"]
[Result "1-0"]
[WhiteElo "1757"]
[BlackElo "1453"]
[PlyCount "117"]
[EventDate "2018.09.03"]
[EventType "swiss"]
[EventRounds "9"]
[EventCountry "GRE"]
[SourceTitle "CBM 186 Extra"]
[Source "ChessBase"]
[SourceDate "2018.08.24"]
[SourceVersion "1"]
[SourceVersionDate "2018.08.24"]
[SourceQuality "1"]

1. d4 Nf6 2. c4 e6 3. Nf3 b6 4. g3 Bb7 5. Bg2 g6 6. 0-0 Bg7 7. Nc3 Ne4 8. Nxe4 Bxe4 9. Ne5 Bxg2 10. Kxg2 0-0 11. e4 d6 12. Nf3 Nd7 13. Be3 e5 14. d5 h6 15. Nd2 f5 16. f3 f4 17. Bf2 g5 18. g4 Qe8 19. b4 h5 20. h3 Kf7 21. Qa4 Nf6 22. Qxe8+ Rfxe8 23. c5 Rac8 24. Nc4 Ke7 25. Rfc1 Nd7 26. cxd6+ cxd6 27. Na3 a5 28. bxa5 bxa5 29. Nc4 hxg4 30. hxg4 a4 31. Na5 Nc5 32. Nc6+ Rxc6 33. dxc6 Nd3 34. Rc4 Rc8 35. Rb1 Ke6 36. c7 Nc5 37. Bxc5 Rxc7 38. Rbc1 dxc5 39. Rxc5 Rb7 40. Rc6+ Kd7 41. R1c2 Bf8 42. Kf2 a3 43. Ke2 Rb2 44. Rxb2 axb2 45. Rb6 Ba3 46. Kd3 Kc7 47. Rb3 Kc6 48. Kc2 Bc5 49. Rxb2 Bd4 50. Rb8 Bc5 51. Kb3 Bd6 52. Rg8 Kc5 53. Rd8 Kd4 54. a4 Ke3 55. Rxd6 Kxf3 56. a5 Kxg4 57. a6 f3 58. a7 f2 59. Rf6 1-0